| 000 | 00539nam a2200181 i 4500 | ||
|---|---|---|---|
| 001 | 80862 | ||
| 003 | ES-MaACL | ||
| 005 | 20230906174321.0 | ||
| 007 | t| | ||
| 008 | 041102s1955 sp ||||1| spa d | ||
| 100 | 1 |
_aHousehold, Geoffrey. _964348 |
|
| 245 | 1 | 0 |
_aAnimal acorralado / _cGeoffrey Household ; [versión española de M. Torres]. |
| 250 | _a[1ª ed.]. | ||
| 260 |
_aBarcelona : _bLuis de Caralt, _c[1955] ( _fImp. Ideal) |
||
| 300 |
_a224 p. ; _c18 cm. |
||
| 700 | 1 |
_aTorres, M. _9110903 |
|
| 852 |
_aES-MaACL _jC-11474 _bR.38305 |
||
| 999 |
_c80862 _d80862 |
||